AutoCAD R.12 dùng trong thiết kế nội thất và quy hoạch không gian

保存先:
書誌詳細
第一著者: Trương Văn Thiện
フォーマット: 図書
言語:Undetermined
出版事項: Tp. HCM Trẻ 1997
主題:
タグ: タグ追加
タグなし, このレコードへの初めてのタグを付けませんか!
Thư viện lưu trữ: Trung tâm Học liệu Trường Đại học Cần Thơ
LEADER 00582nam a2200169Ia 4500
001 CTU_22008
008 210402s9999 xx 000 0 und d
082 |a 620.00420285 
082 |b Th305 
100 |a Trương Văn Thiện 
245 0 |a AutoCAD R.12 dùng trong thiết kế nội thất và quy hoạch không gian 
245 0 |c Trương Văn Thiện 
260 |a Tp. HCM 
260 |b Trẻ 
260 |c 1997 
650 |a autocad ( computer program language ),autocad ( computer-aided design ) 
980 |a Trung tâm Học liệu Trường Đại học Cần Thơ